000 00672nam a2200289Ia 4500
005 20260324125800.0
008 008 260324s9999 xx 000 0 eng d
020 _a9780429066832
037 _aEBOOK
040 _aCRL
040 _beng
040 _cCRL
041 _2eng
041 _aeng
084 _qCRL
100 _aAlf Lamprecht
_91179301
245 0 _aNanotherapeutics
245 0 _bDrug Delivery Concepts in Nanoscience
260 _bTaylor and Francis
260 _c2008
365 _a
365 _b275
856 _uhttp://www.taylorfrancis.com/books/9780429066832
942 _cEBOOK
999 _c1774859
_d1774859